000 00818cam a2200253 a 4500
001 251
003 BR-CuiBMT
005 20231024233917.0
008 230913s2017 mgb 000 0 por d
020 _a9788545002055
040 _aBR-CuiBMT
_cBR-CuiBMT
080 _22007
_a342.4
090 _a342.4
_bG589d
100 1 _aGodoy, Miguel Gualano de
245 1 0 _aDevolver a constituição ao povo :
_bcrítica à supremacia judicial e diálogos institucionais /
_cMiguel Gualano de Godoy ; Vera Karam Chueiri, prefácio.
260 _aBelo Horizonte :
_bFórum,
_c2017.
300 _a264 p. ;
_c22 cm
504 _aInclui bibliografia.
590 _aA biblioteca possui a 1. reimpr. 2017.
650 _aDireito constitucional
650 _aDireito administrativo
650 _aDireito econômico
942 _2udc
_cLV
999 _c251
_d251